مكتبة جامعة عجلون الوطنية

فهرس بحث المكتبة

Normal view MARC view
  • وجودية-فلسفة

Entry Topical Term

Number of records used in: 1

001 - CONTROL NUMBER

  • control field: 13367

003 - CONTROL NUMBER IDENTIFIER

  • control field: JO-AjAnu

005 - DATE AND TIME OF LATEST TRANSACTION

  • control field: 20230606072434.0

008 - FIXED-LENGTH DATA ELEMENTS

  • fixed length control field: 230606|| aca||aabn | a|a d

040 ## - CATALOGING SOURCE

  • Original cataloging agency: JO-AjAnu
  • Transcribing agency: JO-AjAnu

150 ## - HEADING--TOPICAL TERM

  • Topical term or geographic name entry element: وجودية-فلسفة

670 ## - SOURCE DATA FOUND

  • Source citation: Work cat.: (JO-AjAnu)6878: ميرلو-بونتي،موريس ، لوفور،كلود/اعداد ، خضر،سعاد محمد/ترجمة وتعليق ، داغر،نقولا/مراجعة , author 13366, المرئي واللامرئي متبوعا بملاحظات العمل